000
00291nam a2200121Ia 4500
999
_c
9781
_d
9781
008
220112s9999||||xx |||||||||||||| ||und||
020
_a
9788496936935
082
_a
728.5
_b
KUN
100
_a
Kunz, Martin Nicholas
245
0
_a
Authentic & charming top hotels
260
_b
Loft
942
_2
ddc